| 000 | 00612 a2200193 4500 | ||
|---|---|---|---|
| 082 |
_a338.98 _bSt66r |
||
| 100 |
_aStohr, Walter _916616 |
||
| 245 | _aRegional development experiences and prospects in Latin America | ||
| 260 |
_aParis _bThe Hague _c1975 |
||
| 300 |
_axi, 186p. _billus. |
||
| 440 |
_aUnited Nations Research Institute for Social Development, Geneva _nv.3 _916617 |
||
| 504 | _aBibliography : p.181-186 | ||
| 650 | _aEconomic conditions | ||
| 650 | _aRegional development | ||
| 650 | _aDecentralization | ||
| 650 |
_aUrbanization _91655 |
||
| 653 | _aEconomic development | ||
| 942 |
_2ddc _cGEN |
||
| 999 |
_c57422 _d57416 |
||